| 000 | 00480nam a22001817a 4500 | ||
|---|---|---|---|
| 003 | NUST - PNEC | ||
| 005 | 20170116181033.0 | ||
| 008 | 150919b xxu||||| |||| 00| 0 eng d | ||
| 020 | _a0471842575 | ||
| 040 | _cLIBRARY | ||
| 082 | _a621.4368 DAG | ||
| 100 |
_911199 _aDagel, John F. |
||
| 245 |
_aDiesel engine and fuel system repair _cJohn F. Dagel |
||
| 250 | _a2nd ed. | ||
| 260 | _cc.1982 | ||
| 650 |
_911202 _aDiesel motor--Maintenance and repair _xME |
||
| 942 |
_2ddc _cBK |
||
| 999 |
_c67807 _d67807 |
||